| 000 | 00592nam a2200229Ia 4500 | ||
|---|---|---|---|
| 003 | OSt | ||
| 005 | 20250707140454.0 | ||
| 008 | 210423s2005 xx 000 0 und d | ||
| 020 | _a- | ||
| 040 | _cAL | ||
| 041 | _aeng | ||
| 082 |
_a070.18 _bWOLH |
||
| 100 |
_aMike Wolverton _981904 |
||
| 245 | _aHow to make documentaries for video radio film | ||
| 260 |
_aNew Delhi _bSurjeeth Publications _c2005 |
||
| 300 |
_axiv,196 _bPB |
||
| 365 |
_b160 _cINR |
||
| 650 |
_aGeneral _981905 |
||
| 650 |
_aMass Media _981906 |
||
| 906 | _adocumentaries ; film ; radio ; video | ||
| 942 |
_2ddc _cBK |
||
| 999 |
_c155472 _d155472 |
||